Sports Quiz

Random Sports or Soccer Quiz

Belgium's Footballing nationalities Quiz Stats

 Plays Quiz not verified by Sporcle

Score 0/13 Timer 03:00
0 Plays Today
Players Country % Correct
Romelu LukakuDemocratic Republic of the Congo
81.6%
Marouane FellainiMorocco
79.2%
Vincent KompanyDemocratic Republic of the Congo
78.1%
Sébastien PocognoliItaly
74.2%
Yassine El GhanassyMorocco
73.2%
Christian BentekeDemocratic Republic of the Congo
70.7%
Dedryck BoyataDemocratic Republic of the Congo
65.8%
Anthony Vanden BorreDemocratic Republic of the Congo
64.1%
Stijn StijnenItaly
40.8%
Marvin OgunjimiNigeria
32.4%
Axel WitselMartinique(France)
27.6%
Moussa DembéléMali
25.4%
Faris HarounChad
14.6%

You're not logged in!

Compare scores with friends on all Sporcle quizzes.
OR
Log In

Show Comments

Extras

Top Quizzes Today


Score Distribution

Your Account Isn't Verified!

In order to create a playlist on Sporcle, you need to verify the email address you used during registration. Go to your Sporcle Settings to finish the process.

Report this User

Report this user for behavior that violates our Community Guidelines.

Details: